[Event "Open ch-Skopje"]
[Site "Skopje MKD"]
[Date "2010.12.08"]
[Round "5"]
[White "Hadzi Manev,L"]
[Black "Ismaili,V"]
[Result "1-0"]
[WhiteElo "2174"]
[BlackElo "1877"]

1.d4 Nf6 2.c4 e6 3.Nc3 d5 4.Nf3 Be7 5.Bf4 O-O 6.e3 a6 7.Rc1 Nbd7 8.cxd5 exd5
9.Bd3 Re8 10.O-O Nf8 11.Ne5 Bd6 12.Bg3 Bxe5 13.dxe5 Ng4 14.Nxd5 c6 15.Nc3 Qe7
16.Bb1 Nxe5 17.h3 Bd7 18.Qc2 Rad8 19.Rcd1 Bc8 20.Na4 Neg6 21.Nb6 Rxd1 22.Rxd1 Rd8
23.Nxc8 Rxc8 24.Bd6 Qg5 25.Qc5 Qf6 26.Rd2 Rd8 27.Qd4 Qg5 28.f4 Qg3 29.Be4 Ne6
30.Qc3 Nh4 31.Bb4 Qe1+ 32.Kh2 Rxd2 33.Qxd2 Qxd2 34.Bxd2 Nc5 35.Bc2 Ng6 36.Kg3 Nf8
37.Bc3 Nfd7 38.Kf3 f6 39.h4 g6 40.g4 Kf7 41.h5 Kg7 42.b4 Ne6 43.Bb3 Nc7 44.e4 c5
45.bxc5 Nxc5 46.g5 Nxb3 47.gxf6+ Kf7 48.hxg6+ hxg6 49.axb3 Ne6 50.e5 Nd8
51.Kg4 Ne6 52.f5 gxf5+ 53.Kxf5 Nc5 54.Bb4 Ne6 55.Ke4 b6 56.Bd6 a5 57.Kd5 b5
58.Ba3 Nf4+ 59.Kd6 Ne6 60.Bb2 Nf4 61.Bc3 b4 62.Bb2 Ne6 63.Kc6 Nf4 64.Kd7 Ne6
65.Kd6 Nf4 66.Bc1 Ne6 67.Be3 Nd8 68.Bb6 a4 69.Bxd8 axb3 70.e6+ Kg6 71.e7 b2
72.e8=Q+ Kf5 73.Qe5+  1-0

[Event "63rd ch-RUS"]
[Site "Moscow RUS"]
[Date "2010.12.11"]
[Round "1"]
[White "Grischuk,A"]
[Black "Jakovenko,D"]
[Result "1/2-1/2"]
[WhiteElo "2771"]
[BlackElo "2726"]

1.d4 Nf6 2.c4 e6 3.Nf3 d5 4.Nc3 Be7 5.Bf4 O-O 6.e3 Nbd7 7.c5 Nh5 8.Bd3 Nxf4
9.exf4 b6 10.b4 a5 11.a3 c6 12.O-O Qc7 13.Qd2 Ba6 14.Bxa6 Rxa6 15.Qe2 Ra7
16.f5 axb4 17.axb4 Rxa1 18.Rxa1 e5 19.cxb6 Qxb6 20.dxe5 Bxb4 21.Rb1 Re8 22.Na2 c5
23.Qe3 Qb8 24.Nxb4 cxb4 25.e6 fxe6 26.fxe6 Qd6 27.Nd4 Nc5 28.Rxb4 Nxe6 29.Rb1  1/2-1/2

[Event "Schachbundesliga 2010-11"]
[Site "Munich GER"]
[Date "2010.12.12"]
[Round "6"]
[White "Schenk,An"]
[Black "Meyer,Mal"]
[Result "1-0"]
[WhiteElo "2519"]
[BlackElo "2348"]

1.d4 d5 2.c4 e6 3.Nf3 Nf6 4.Nc3 Be7 5.Bf4 O-O 6.e3 c5 7.dxc5 Bxc5 8.cxd5 Nxd5
9.Nxd5 exd5 10.a3 Nc6 11.Bd3 Bb6 12.O-O d4 13.e4 Bg4 14.h3 Qf6 15.Bh2 Bxf3
16.Qxf3 Qxf3 17.gxf3 Na5 18.Kg2 Rfc8 19.Rac1 Nb3 20.Rcd1 a5 21.a4 Rc6 22.Rfe1 Rac8
23.e5 Nc5 24.Bb5 Rg6+ 25.Kf1 Rh6 26.Rxd4 Rxh3 27.Kg2 Rh6 28.Rc1 Rg6+ 29.Bg3 Rf8
30.Rcc4 Ba7 31.Rd5 b6 32.f4 Re6 33.Rcd4 Bb8 34.f5 Rh6 35.Bh4 Bc7 36.Be7 Rh5
37.Bxf8 Kxf8 38.Rd8+  1-0

[Event "Bansko Grand Chess Open"]
[Site "Bansko BUL"]
[Date "2010.12.14"]
[Round "2.7"]
[White "Nikolaidis,I"]
[Black "Tomov,G"]
[Result "1/2-1/2"]
[WhiteElo "2552"]
[BlackElo "2286"]

1.c4 e6 2.Nc3 d5 3.d4 Be7 4.Nf3 Nf6 5.Bf4 O-O 6.e3 Nbd7 7.a3 c5 8.cxd5 Nxd5
9.Nxd5 exd5 10.dxc5 Nxc5 11.Be5 Bf6 12.Bxf6 Qxf6 13.Qd4 Qe7 14.Rd1 Rd8 15.Be2 Bf5
16.b4 Ne6 17.Qe5 Be4 18.Nd4 a5 19.Bg4 Qd6 20.Qxd6 Rxd6 21.f3 Bg6 22.Nb5 Rc6
23.O-O Rc2 24.Bxe6 fxe6 25.Nd4 Rb2 26.Nxe6 axb4 27.axb4 Raa2 28.Nf4 Bf7 29.h4 Rxb4
30.Nxd5 Bxd5 31.Rxd5 h6 32.Rd6 Rbb2 33.Rg6 Kh7 34.Rg4 b5 35.Rd1 Ra7 36.Rd8 b4
37.Rb8 b3 38.Kh2 Re7 39.e4 Rc7 40.Kg3 Rcc2 41.Kh3 Rc7 42.h5 Rc5 43.Kh4 Rc7
44.Rg6 Rb1 45.Kg4 b2 46.Re6 Rc5 47.e5 Rc4+ 48.Kg3 Rh1 49.Rxb2 Rxh5 50.Re2 Rg5+
51.Kf2 Rc5 52.Re8 Kg6 53.e6 Rge5 54.Rxe5 Rxe5 55.f4 Re4 56.Kf3 Re1 57.Rf8 h5
58.Kf2 Re4 59.Kg3 Re1 60.Kf2 Re4 61.g4 hxg4 62.Kg3 Re1 63.Kh4 Rh1+ 64.Kg3 Re1
65.Kh4 Rh1+ 66.Kxg4 Rg1+ 67.Kf3 Re1 68.Kg2 Kh6 69.Re8 Kg6 70.Kf2 Re4 71.Kg3 Kf6
72.Rf8+ Kxe6 73.Re8+ Kf5 74.Rxe4 Kxe4 75.Kg4 g6 76.Kg5 Kf3 77.Kxg6 Kxf4  1/2-1/2

[Event "2nd Balkan Grand Prix Final"]
[Site "Belgrade SRB"]
[Date "2010.12.14"]
[Round "2"]
[White "Blagojevic,Dr"]
[Black "Radulski,J"]
[Result "1/2-1/2"]
[WhiteElo "2482"]
[BlackElo "2606"]

1.d4 d5 2.c4 e6 3.Nc3 Be7 4.Nf3 Nf6 5.Bf4 O-O 6.e3 c5 7.dxc5 Bxc5 8.cxd5 Nxd5
9.Nxd5 exd5 10.Bd3 Bb4+ 11.Nd2 Nc6 12.O-O Be6  1/2-1/2

[Event "63rd ch-RUS"]
[Site "Moscow RUS"]
[Date "2010.12.15"]
[Round "5"]
[White "Potkin,V"]
[Black "Zvjaginsev,V"]
[Result "1/2-1/2"]
[WhiteElo "2646"]
[BlackElo "2676"]

1.d4 Nf6 2.c4 e6 3.Nf3 d5 4.Nc3 Be7 5.Bf4 O-O 6.e3 c5 7.dxc5 Bxc5 8.cxd5 exd5
9.Be2 Nc6 10.O-O Be6 11.Rc1 Rc8 12.a3 a6 13.Ne5 Bd6 14.Nxc6 Rxc6 15.Qd4 Bc5
16.Qd3 Bd6 17.Bxd6 Qxd6 18.Bf3 Qe5 19.Rcd1 Rb6 20.Na4 Rc6 21.Nc3 Rb6 22.Qe2 Ne4
23.Bxe4 dxe4 24.Rd4 f5 25.Rfd1 Bb3 26.R1d2 Rh6 27.h3 b5 28.Rd8 Rf6 29.Qh5 h6
30.R2d4 Rxd8 31.Rxd8+ Kh7 32.Qe8 Qxe8 33.Rxe8 Rd6 34.g4 fxg4 35.hxg4 Rd2
36.Ra8 Bc4 37.b3 Bd3 38.Re8  1/2-1/2

[Event "17th Open A"]
[Site "Zadar CRO"]
[Date "2010.12.15"]
[Round "6.1"]
[White "Shengelia,D"]
[Black "Berkes,F"]
[Result "1/2-1/2"]
[WhiteElo "2578"]
[BlackElo "2680"]

1.d4 Nf6 2.c4 e6 3.Nf3 d5 4.Nc3 Be7 5.Bf4 O-O 6.e3 b6 7.cxd5 Nxd5 8.Nxd5 exd5
9.Be2 c5 10.O-O Be6 11.b3 a6 12.Rc1 Nc6 13.Ne5 Nxe5 14.Bxe5 Qd7 15.Bd3 Bf5
16.Qc2 Bxd3 17.Qxd3 Qe6 18.Bg3 Rfc8 19.dxc5 bxc5 20.Rcd1 c4 21.Qc2 h5 22.h3 h4
23.Bf4 g5 24.Bh2 Ra7 25.Kh1 Rb7 26.Qd2 a5 27.Qxd5 Qxd5 28.Rxd5 c3 29.Rc1 a4
30.Be5 axb3 31.axb3 Rxb3 32.Rd3 Bb4 33.Rc2 Kh7 34.Kh2 Kg6 35.g4 hxg3+ 36.Kxg3 Kf5
37.Bd4 f6 38.Kf3 Rh8 39.Bxc3 Rxc3  1/2-1/2

[Event "48th ch-IND"]
[Site "New Delhi IND"]
[Date "2010.12.17"]
[Round "8"]
[White "Lalith,B"]
[Black "Babu,NS"]
[Result "1-0"]
[WhiteElo "2481"]
[BlackElo "2318"]

1.Nf3 d5 2.d4 Nf6 3.c4 e6 4.Nc3 Be7 5.Bf4 O-O 6.e3 Nbd7 7.Qc2 c6 8.Bd3 dxc4
9.Bxc4 b5 10.Bd3 Bb7 11.e4 b4 12.Na4 c5 13.e5 Nd5 14.Bxh7+ Kh8 15.Bd2 cxd4
16.Be4 Re8 17.O-O Ba6 18.Rfc1 Rc8 19.Qb3 Kg8 20.Bxd5 exd5 21.Qxd5 Nf8 22.Qxd4 Qa5
23.b3 Bb7 24.Rxc8 Rxc8 25.Qg4 Rd8 26.Be3 Bxf3 27.Qxf3 Qxe5 28.Rd1 Rxd1+ 29.Qxd1 a5
30.Qc1 Ne6 31.Nb6 Bd6 32.g3 Nd4 33.Qd1 Bc5 34.Nc4 Qe4 35.Bxd4 Bxd4 36.Qd2 Qb1+
37.Kg2 Qe4+ 38.f3 Qd5 39.Qe2 g6 40.Qe4 Qd8 41.Qc6 Qe7 42.Kf1 Bc3 43.Qd5 Qe1+
44.Kg2 Qe2+ 45.Kh3 Kg7 46.Nd6 f5 47.Qb5 Qxf3 48.Qb7+ Qxb7 49.Nxb7 Kf6 50.Kg2 g5
51.h3 g4 52.h4 Be1 53.Nxa5 f4 54.gxf4 Bxh4 55.Nc6 Kf5 56.Nxb4 Kxf4 57.a4 Ke5
58.a5 Kd6 59.a6 Kc7 60.Nd5+ Kb8 61.b4 Ka7 62.b5 Be1 63.Kf1 Bd2 64.Kf2 Ba5
65.Kg3 Bd8 66.Kxg4 Ba5 67.Kf5 Be1 68.Ke6 Bf2 69.Kd7 Bg1 70.Kc6 Bf2 71.Ne7  1-0

[Event "29th European Blitz"]
[Site "Warsaw POL"]
[Date "2010.12.17"]
[Round "8"]
[White "Tkachiev,V"]
[Black "Fridman,D"]
[Result "1-0"]
[WhiteElo "2636"]
[BlackElo "2645"]

1.d4 d5 2.c4 e6 3.Nf3 Nf6 4.Nc3 Be7 5.Bf4 O-O 6.e3 b6 7.Qc2 Bb7 8.Rd1 Nbd7
9.Be2 dxc4 10.Bxc4 a6 11.a4 c5 12.O-O Nh5 13.d5 Nxf4 14.exf4 exd5 15.Nxd5 Bd6
16.Ng5 g6 17.Qc3 Ra7 18.Qh3 h5 19.Qxd7 Qxd7 20.Nf6+ Kg7 21.Nxd7 Bxf4 22.Nxf8  1-0

[Event "29th European Blitz"]
[Site "Warsaw POL"]
[Date "2010.12.17"]
[Round "10"]
[White "Wojtaszek,R"]
[Black "Tkachiev,V"]
[Result "*"]
[WhiteElo "2726"]
[BlackElo "2636"]

1.d4 d5 2.c4 e6 3.Nc3 Be7 4.Nf3 Nf6 5.Bf4 O-O 6.e3 c5 7.dxc5 Bxc5 8.a3 Nc6
9.Qc2 Qa5 10.Be2 dxc4 11.Bxc4 Bb4 12.Rc1 Bxc3+ 13.Qxc3 Qxc3+ 14.Rxc3 Nd5
15.Rc2 Nxf4 16.exf4 Rd8 17.Ke2 Bd7 18.Rhc1 Kf8 19.Ke3 Ke7 20.b4 Rac8 21.Bd3 h6
22.Be4 f6 23.h4 a6 24.Rc5 Rb8 25.g4 Be8 26.g5 hxg5 27.hxg5 Rd6 28.Rh1 Bf7
29.Rh7 Rg8 30.gxf6+ gxf6 31.Bxc6 Rxc6 32.Rxc6 bxc6 33.Nd4 Rc8 34.Nb3 Ra8
35.Na5 Rc8 36.Kd4 Rd8+ 37.Kc5 Rd2 38.Nxc6+ Kf8 39.Rh2 Be8 40.Nd4 Bf7 41.a4 e5
42.fxe5 fxe5 43.Nc6 e4 44.Rh4 Rc2+ 45.Kb6 Bd5 46.Rf4+ Kg7 47.b5  *

[Event "European Rapid Championship"]
[Site "Warsaw POL"]
[Date "2010.12.18"]
[Round "1"]
[White "Romanov,E"]
[Black "Kowalska,S"]
[Result "1-0"]
[WhiteElo "2605"]
[BlackElo "1854"]

1.d4 d5 2.Nf3 Nf6 3.c4 e6 4.Nc3 Be7 5.Bf4 O-O 6.Qc2 c5 7.dxc5 Bxc5 8.e3 Qe7
9.Rd1 Rd8 10.Be2 Nc6 11.O-O h6 12.cxd5 exd5 13.Na4 Bd6 14.Bxd6 Qxd6 15.Nd4 Bg4
16.Nc3 Rac8 17.h3 Bxe2 18.Qxe2 Qe5 19.Qb5 Ne7 20.Rd2 b6 21.Rfd1 Rc5 22.Qb3 Rdc8
23.Nf3 Qc7 24.Rd4 Nf5 25.Rf4 Nd6 26.Nxd5 Nxd5 27.Rxd5 Rc1+ 28.Rd1 Qc2 29.Rxc1 Qxc1+
30.Kh2 Qc2 31.Qd5 Qg6 32.Ne5 Qe6 33.Qxe6 fxe6 34.Rd4 Nf5 35.Rd2 Kf8 36.g4 Ne7
37.Rd7 a5 38.Rd6 Rc2 39.Rd8+  1-0

[Event "48th ch-IND"]
[Site "New Delhi IND"]
[Date "2010.12.19"]
[Round "10"]
[White "Kamble,V"]
[Black "Babu,NS"]
[Result "1-0"]
[WhiteElo "2374"]
[BlackElo "2318"]

1.Nf3 d5 2.d4 Nf6 3.c4 e6 4.Nc3 Be7 5.Bf4 O-O 6.e3 Nbd7 7.c5 c6 8.h3 Ne4
9.Qa4 f5 10.Bd3 Ng5 11.Nxg5 Bxg5 12.O-O-O Bxf4 13.exf4 Qc7 14.g3 b6 15.Rhe1 Rf6
16.cxb6 Nxb6 17.Qa5 Rf7 18.Rd2 Rb8 19.Rc2 Qb7 20.Qa3 Qd7 21.Ne2 Qc7 22.Ng1 Bd7
23.Nf3 Rff8 24.Ne5 Nc8 25.Nxc6 Bxc6 26.Rxe6 Rf6 27.Rcxc6 Qxc6+ 28.Rxc6 Rxc6+
29.Kb1 Nd6 30.Qa5 Rbc8 31.a3 g6 32.Qxd5+ Kg7 33.Qe5+ Kh6 34.g4  1-0

[Event "European Rapid Championship"]
[Site "Warsaw POL"]
[Date "2010.12.19"]
[Round "11"]
[White "Kempinski,R"]
[Black "Fridman,D"]
[Result "1/2-1/2"]
[WhiteElo "2597"]
[BlackElo "2645"]

1.d4 d5 2.c4 e6 3.Nc3 Be7 4.Nf3 Nf6 5.Bf4 O-O 6.e3 b6 7.Bd3 Ba6 8.Qe2 c5
9.dxc5 dxc4 10.Bxc4 Bxc4 11.Qxc4 Bxc5 12.O-O Nbd7 13.Rfd1 Qc8 14.Ne5 Nxe5
15.Bxe5 Be7 16.Qa4 Qb7 17.Rd2 Rfd8 18.Rad1 h6 19.Bxf6 Rxd2 20.Rxd2 Bxf6 21.Ne4 Be5
22.Rd7 Qc8 23.g3 a6 24.Qd1 Qc6 25.Rd8+ Rxd8 26.Qxd8+ Kh7 27.Qd3 f5 28.Nc3 b5
29.a3 Bxc3 30.bxc3 Qc5 31.e4 Kg6 32.exf5+ exf5 33.a4 bxa4  1/2-1/2

[Event "48th ch-IND"]
[Site "New Delhi IND"]
[Date "2010.12.21"]
[Round "12"]
[White "Adhiban,B"]
[Black "Sundararajan,K"]
[Result "1-0"]
[WhiteElo "2515"]
[BlackElo "2449"]

1.d4 d5 2.c4 e6 3.Nf3 Nf6 4.Nc3 Be7 5.Bf4 O-O 6.e3 c5 7.dxc5 Bxc5 8.a3 Nc6
9.Qc2 Qa5 10.O-O-O Be7 11.Kb1 a6 12.h4 dxc4 13.Bxc4 b5 14.Bb3 b4 15.Ne4 Qb6
16.Nxf6+ Bxf6 17.Ng5 g6 18.Rd6 Bb7 19.h5 bxa3 20.hxg6 hxg6 21.Rxe6 a2+ 22.Ka1  1-0

[Event "Schaakfestival Open A"]
[Site "Groningen NED"]
[Date "2010.12.26"]
[Round "5"]
[White "Theulings,PP"]
[Black "Krause,U"]
[Result "1/2-1/2"]
[WhiteElo "2132"]
[BlackElo "2308"]

1.Nf3 Nf6 2.c4 e6 3.Nc3 d5 4.d4 Be7 5.Bf4 O-O 6.e3 c6 7.Qc2 Nbd7 8.a3 b6
9.cxd5 exd5 10.Be2 Bb7 11.h3 Re8 12.O-O Nf8 13.Rfd1 Ne6 14.Bh2 Bd6  1/2-1/2

[Event "34th Christmas Master Open"]
[Site "Zuerich SUI"]
[Date "2010.12.26"]
[Round "1"]
[White "Bindrich,F"]
[Black "Inhoven,S"]
[Result "1-0"]
[WhiteElo "2504"]
[BlackElo "2143"]

1.d4 d5 2.c4 e6 3.Nc3 Be7 4.Nf3 Nf6 5.Bf4 O-O 6.e3 Nbd7 7.cxd5 Nxd5 8.Nxd5 exd5
9.Be2 c5 10.dxc5 Nxc5 11.O-O Bg4 12.Rc1 Rc8 13.Be5 Qd7 14.Bd4 Rfd8 15.h3 Bf5
16.Ne5 Qe8 17.Bh5 Be6 18.f4 g6 19.f5 gxh5 20.Qxh5 Bd7 21.Qg4+ Kf8 22.Nxd7+ Qxd7
23.Qg7+  1-0

[Event "Hastings Masters 2010-11"]
[Site "Hastings ENG"]
[Date "2010.12.28"]
[Round "1.23"]
[White "Williams,Pe"]
[Black "Rolvaag,B"]
[Result "1/2-1/2"]
[WhiteElo "2179"]
[BlackElo "1917"]

1.d4 d5 2.c4 e6 3.Nf3 Nf6 4.Nc3 Be7 5.Bf4 O-O 6.e3 b6 7.cxd5 Nxd5 8.Bg3 Bb7
9.Bd3 c5 10.O-O cxd4 11.exd4 Nc6 12.Re1 Rc8 13.Rc1 Nf6 14.Bb1 Nb4 15.Ne5 Nbd5
16.Qd3 g6 17.Ne2 Nh5 18.a3 Bg5 19.Rxc8 Qxc8 20.Qb3 f5 21.Nf3 Nxg3 22.hxg3 Bf6
23.Ba2 Qd7 24.Ne5 Qd6 25.Nc4 Qe7 26.Ne3 Qd7 27.Qd3 Re8 28.Bc4 Re7 29.Nc3 Nc7
30.Nc2 Qc6 31.f3 Qd6 32.Ne2 Kg7 33.Nf4 Bc6 34.b4 b5 35.Bb3 Nd5 36.Nxd5 Bxd5
37.Bxd5 Qxd5 38.Qe3 Rc7 39.Qe2 Bxd4+  1/2-1/2

[Event "XXI Cracow Open"]
[Site "Cracow POL"]
[Date "2010.12.31"]
[Round "5.6"]
[White "Miron,L"]
[Black "Jasny,S"]
[Result "1/2-1/2"]
[WhiteElo "2496"]
[BlackElo "2351"]

1.d4 d5 2.c4 e6 3.Nc3 Be7 4.Nf3 Nf6 5.Bf4 O-O 6.e3 c5 7.dxc5 Bxc5 8.a3 Nc6
9.Qc2 Qa5 10.O-O-O dxc4 11.Bxc4 a6 12.Bd3 Be7 13.Ne4 h6 14.Nxf6+ Bxf6 15.Bh7+ Kh8
16.Be4 e5 17.Rd5 Qb6 18.Nxe5 Nxe5 19.Bxe5 Bxe5 20.Rxe5 Be6 21.Kb1 Rac8 22.Qa4 Rc4
23.Qd1 Qc7 24.f4 Rxe4 25.Rxe4 Bf5 26.Qd5 Bxe4+ 27.Qxe4 Qd7 28.Qd4 Qc6 29.e4 Rc8
30.Qd3 Qb6 31.Qe2 Rd8 32.g3 Qd4 33.Rc1 b5 34.e5 Qd5 35.Qe3 a5 36.Qc3 b4 37.Qc4 Qd2
38.Qc2 bxa3 39.bxa3 Rb8+ 40.Ka2 Qd5+ 41.Qc4 Qg2+ 42.Qc2 Qd5+ 43.Ka1 Rb3 44.Qc4 Rxa3+
45.Kb2 Qxc4 46.Rxc4 Re3 47.Rc3 Re4 48.Kc1 g5 49.fxg5 hxg5 50.Rc5 a4 51.Kd2 Kg7
52.Kd3 Rb4 53.e6 f6 54.Rc7+ Kg6 55.Rc8 Rb7 56.Ra8 Re7 57.Ke4 Rxe6+  1/2-1/2

[Event "Hilton Open"]
[Site "Basel SUI"]
[Date "2011.01.01"]
[Round "1.7"]
[White "Malakhatko,V"]
[Black "Aerni,A"]
[Result "1-0"]
[WhiteElo "2546"]
[BlackElo "2182"]

1.d4 d5 2.c4 e6 3.Nf3 Nf6 4.Nc3 Be7 5.Bf4 O-O 6.a3 c5 7.dxc5 dxc4 8.e3 Nd5
9.Be5 Nc6 10.Bxc4 Nxe5 11.Bxd5 Nxf3+ 12.Bxf3 Bxc5 13.Qc2 Rb8 14.O-O b5 15.Rfd1 Qb6
16.a4 b4 17.Ne4 Be7 18.a5 Qb5 19.Nd6 Bxd6 20.Rxd6 Bb7 21.Be2 Qg5 22.Bf1 Rfc8
23.Qd2 h5 24.a6 Bd5 25.Rd7 Rd8 26.Rxd8+ Qxd8 27.Rc1 h4 28.h3 Qe7 29.e4 Ba8
30.Rc4 g6 31.e5 Kg7 32.Rg4 b3 33.Qf4 Rh8 34.Bc4 Bd5 35.Bd3 Qd8 36.Kh2 Qe7
37.Qe3 Rc8 38.Rf4 Qc5 39.Qe2 Qe7 40.Qd2 Rh8 41.Qe3 Rh5 42.Rg4 Rh8 43.Bc4 Rb8
44.Bxd5 exd5 45.Qd4 Rb6 46.Rxh4 Rxa6 47.Rg4 Qe6 48.f4 Rb6 49.Rg5 f5 50.g4 Qc8
51.e6+ Kh7 52.gxf5  1-0

[Event "Berkeley Int Open"]
[Site "Berkeley USA"]
[Date "2011.01.08"]
[Round "10"]
[White "Sipos,I"]
[Black "Collins,S IRL"]
[Result "1/2-1/2"]
[WhiteElo "2409"]
[BlackElo "2436"]

1.c4 e6 2.Nf3 d5 3.d4 Nf6 4.Nc3 Be7 5.Bf4 O-O 6.e3 Nbd7 7.Qc2 c5 8.dxc5 Nxc5
9.Be2 dxc4 10.Bxc4 a6 11.a4 b6 12.Rd1 Qe8 13.b4 Ncd7 14.Qb3 Bb7  1/2-1/2

[Event "TCh-NED Meesterklasse 2010-11"]
[Site "Netherlands NED"]
[Date "2011.01.08"]
[Round "5.9"]
[White "Taha,S"]
[Black "Verhoeven,T"]
[Result "0-1"]
[WhiteElo "2214"]
[BlackElo "2184"]

1.d4 d5 2.c4 e6 3.Nc3 Be7 4.Nf3 Nf6 5.Bf4 O-O 6.e3 c5 7.Qc2 Nc6 8.dxc5 Bxc5
9.a3 Qa5 10.Rd1 Be7 11.Nd2 e5 12.Bg5 d4 13.Nb3 Qb6 14.Bxf6 Bxf6 15.Nd5 Qd8
16.exd4 Nxd4 17.Nxd4 exd4 18.Be2 Be6 19.Nxf6+ Qxf6 20.O-O Rac8 21.b3 Rfd8
22.Bd3 g6 23.f4 Bg4 24.Rd2 Re8 25.h3 Bd7 26.f5 g5 27.Qd1 Bc6 28.Qg4 Re3 29.h4 h6
30.hxg5 hxg5 31.Kf2 Rce8 32.Kg1 Be4 33.Be2 Rxb3 34.Bd1 Rxa3 35.Re2 Re3 36.Ref2 Bd3
37.Ba4 R8e4 38.Qh5 Rh4 39.Qd1 Qh6  0-1

[Event "XX Keres Mem Rapid"]
[Site "Tallinn EST"]
[Date "2011.01.08"]
[Round "2"]
[White "Lugovoi,A"]
[Black "Kovaljov,D"]
[Result "1-0"]
[WhiteElo "2531"]
[BlackElo "2274"]

1.d4 d5 2.c4 e6 3.Nc3 Be7 4.Nf3 Nf6 5.Bf4 O-O 6.e3 c5 7.dxc5 Bxc5 8.a3 Nc6
9.cxd5 exd5 10.b4 Nxb4 11.axb4 Bxb4 12.Qb3 a5 13.Bd3 d4 14.exd4 Bg4 15.O-O Bxf3
16.gxf3 Qxd4 17.Ne2 Qc5 18.Rfc1 Qh5 19.Ng3 Qh4 20.Be3 Rfc8 21.Kg2 Nh5 22.Qd5 Nf4+
23.Bxf4 Qxf4 24.Rxc8+ Rxc8 25.Qxb7 Rd8 26.Be4 g6 27.Ra2 Rd1 28.Rc2 Kg7  1-0

[Event "9th Parsvnath Open"]
[Site "New Delhi IND"]
[Date "2011.01.10"]
[Round "4.39"]
[White "Bykhovsky,Av"]
[Black "Ankit,C"]
[Result "1-0"]
[WhiteElo "2428"]
[BlackElo "1977"]

1.d4 d5 2.c4 e6 3.Nf3 Nf6 4.Nc3 Be7 5.Bf4 a6 6.c5 b6 7.cxb6 cxb6 8.e3 Bd7
9.Bd3 Nc6 10.Rc1 b5 11.O-O Nh5 12.Be5 f6 13.Bg3 Nxg3 14.hxg3 O-O 15.e4 Be8
16.exd5 exd5 17.Re1 Bb4 18.a3 Bxc3 19.Rxc3 Ne7 20.Qc2 Bg6 21.Bxg6 Nxg6 22.Qf5 Ra7
23.Rc6 Kh8 24.Qc2 Qd7 25.Qc5 Rd8 26.Ree6 Raa8 27.Rxa6 Rxa6 28.Rxa6 Rc8 29.Rd6 Qf5
30.Rc6 Rxc6 31.Qxc6 h5 32.Qxb5 h4  1-0

[Event "36th Open"]
[Site "Seville ESP"]
[Date "2011.01.10"]
[Round "4"]
[White "Matamoros Franco,C"]
[Black "Campora,D"]
[Result "1/2-1/2"]
[WhiteElo "2545"]
[BlackElo "2488"]

1.d4 d5 2.c4 e6 3.Nf3 Nf6 4.Nc3 Be7 5.Bf4 O-O 6.e3 c5 7.dxc5 Bxc5 8.Be2 Nc6
9.cxd5 exd5 10.O-O Be6 11.Rc1 Rc8 12.Ne5 Bd6 13.Nxc6 bxc6 14.Bxd6 Qxd6  1/2-1/2

[Event "68th ch-GEO w"]
[Site "Anaklia GEO"]
[Date "2011.01.14"]
[Round "5.5"]
[White "Purtseladze,M"]
[Black "Melia,S"]
[Result "1/2-1/2"]
[WhiteElo "2323"]
[BlackElo "2449"]

1.d4 d5 2.c4 e6 3.Nc3 Be7 4.Nf3 Nf6 5.Bf4 O-O 6.e3 Nbd7 7.cxd5 exd5 8.Bd3 c6
9.h3 Re8 10.O-O Nf8 11.Ne5 Bd6 12.Bh2 N6d7 13.Nxd7 Bxh2+ 14.Kxh2 Nxd7 15.b4 Nf6
16.Kg1 Ne4 17.Nxe4 dxe4 18.Bc4 Be6 19.Rc1 a5 20.Qb3 axb4 21.Qxb4 Bxc4  1/2-1/2

[Event "TCh-SVK Extraliga 2010-11"]
[Site "Kosice CZE"]
[Date "2011.01.15"]
[Round "3.1"]
[White "Stocek,J"]
[Black "Azarov,S"]
[Result "1/2-1/2"]
[WhiteElo "2567"]
[BlackElo "2601"]

1.d4 Nf6 2.c4 e6 3.Nf3 d5 4.Nc3 Be7 5.Bf4 O-O 6.e3 b6 7.Rc1 c5 8.Be2 Bb7
9.O-O Nbd7 10.cxd5 Nxd5 11.Nxd5 Bxd5 12.Bc4 Bxc4 13.Rxc4 b5 14.Rc2 c4 15.d5 exd5
16.Qxd5 a6 17.a4 Nf6 18.Qb7 Qd3 19.Rfc1 Rfd8 20.h3 Qe4  1/2-1/2

[Event "73rd Tata Steel GMC"]
[Site "Wijk aan Zee NED"]
[Date "2011.01.17"]
[Round "3"]
[White "Swiercz,D"]
[Black "Sachdev,T"]
[Result "0-1"]
[WhiteElo "2540"]
[BlackElo "2391"]

1.Nf3 d5 2.d4 Nf6 3.c4 e6 4.Nc3 Be7 5.Bf4 O-O 6.e3 c5 7.dxc5 Bxc5 8.cxd5 Nxd5
9.Nxd5 exd5 10.a3 Nc6 11.Bd3 Bb6 12.O-O Qf6 13.b4 h6 14.b5 Nd4 15.Nxd4 Bxd4
16.Rb1 Bc5 17.a4 Bf5 18.Bg3 Rac8 19.a5 Rfd8 20.Qd2 Qg6 21.Bxf5 Qxf5 22.b6 axb6
23.axb6 d4 24.exd4 Rxd4 25.Qa2 Qd7 26.Qe2 Rc6 27.Bc7 Rd2 28.Qh5 Rxf2 29.Rxf2 Bxf2+
30.Kh1 Qd3 31.Rd1 Qe4 32.h3 Bxb6 33.Bxb6 Rxb6 34.Qd5 Qxd5 35.Rxd5 Rb1+ 36.Kh2 g6
37.h4 h5 38.Rd7 b5 39.Rb7 b4 40.Kg3 Kg7 41.Rb6 b3 42.Kh2 Kf8 43.Rb7 Ke8 44.Kg3 f5
45.Kf4 b2 46.Kg5 f4 47.Kf6 Kd8 48.Rb3 Kd7 49.Kg7 Ke6 50.Rb5 Kd6 51.Kh6 Kc6
52.Rb8 Kd5 53.Rb7 Ke5 54.Rb5+ Kd4 55.Rb8 Ke3 56.Rb4 Kf2 57.Rxf4+ Kxg2 58.Rb4 Kh3
59.Kg7 Rg1 60.Rxb2 Kxh4 61.Kh6 Kh3 62.Ra2 h4 63.Ra3+ Kh2 64.Ra4 h3 65.Ra3 g5
66.Kh5 g4 67.Kh4 g3 68.Ra2+ Rg2 69.Ra3 Rc2 70.Kg4 Rc4+ 71.Kf3 g2 72.Ra2 Kh1  0-1

[Event "I Antonio Rocha Mem"]
[Site "Campinas BRA"]
[Date "2011.01.18"]
[Round "6.2"]
[White "Flores,Di"]
[Black "Leitao,R"]
[Result "1/2-1/2"]
[WhiteElo "2628"]
[BlackElo "2609"]

1.c4 e6 2.Nc3 d5 3.d4 Be7 4.Nf3 Nf6 5.Bf4 O-O 6.e3 Nbd7 7.Be2 dxc4 8.Bxc4 c5
9.dxc5 Nxc5 10.O-O a6 11.Ne5 Ncd7 12.Be2 Nxe5 13.Bxe5 Qa5 14.Bg3 b5 15.Bf3 Ra7
16.a3 Rd7 17.Qc2 Qb6 18.Rfd1 Rxd1+ 19.Nxd1 Bb7 20.Bxb7  1/2-1/2

[Event "3rd Chennai Open"]
[Site "Chennai IND"]
[Date "2011.01.19"]
[Round "2"]
[White "Adhiban,B"]
[Black "Kjartansson,G"]
[Result "1-0"]
[WhiteElo "2530"]
[BlackElo "2379"]

1.d4 Nf6 2.c4 e6 3.Nf3 d5 4.Nc3 Be7 5.Bf4 O-O 6.e3 Nbd7 7.c5 Nh5 8.Bd3 Nxf4
9.exf4 b6 10.b4 c6 11.O-O Qc7 12.g3 a5 13.a3 Ba6 14.Bxa6 Rxa6 15.Qe2 Ra7
16.f5 e5 17.dxe5 bxc5 18.bxc5 Bxc5 19.Na4 Re8 20.Nxc5 Nxc5 21.Qe3 d4 22.Qxd4 Nb3
23.Qg4 Qc8 24.Rad1 c5 25.Qf4 c4 26.f6 Qc5 27.Rd6 gxf6 28.Qg4+ Kh8 29.exf6  1-0

[Event "3rd Chennai Open"]
[Site "Chennai IND"]
[Date "2011.01.21"]
[Round "6"]
[White "Adhiban,B"]
[Black "Sai,KG"]
[Result "1-0"]
[WhiteElo "2530"]
[BlackElo "2319"]

1.d4 d5 2.c4 e6 3.Nc3 Be7 4.Nf3 Nf6 5.Bf4 O-O 6.a3 b6 7.cxd5 exd5 8.e3 c5
9.Nb5 Na6 10.Be2 Ne8 11.O-O Bb7 12.Rc1 Nac7 13.Nxc7 Nxc7 14.dxc5 bxc5 15.Qb3 Rb8
16.Qa4 Ra8 17.Bg3 Ne6 18.Rfd1 Qb6 19.Ne5 Rfd8 20.Nd7 Qc6 21.Bb5 Qc8 22.Ne5 Bf8
23.e4 d4 24.f3 a6 25.Bd7 Qc7 26.Bxe6 fxe6 27.Rxd4 Bd6 28.Qb3 Bd5 29.Rxd5 exd5
30.Qxd5+ Kf8 31.Qe6 Ra7 32.b4 Bxe5 33.Bxe5 Qe7 34.Qf5+ Kg8 35.bxc5 Raa8 36.Bd6 Qa7
37.e5 Rac8 38.h4 Qb7 39.h5 Qd5 40.Kh2 Qd4 41.Kg3 Qd2 42.Rc4 Qd5 43.Rg4 Qf7
44.Qxf7+ Kxf7 45.Kf4 Rg8 46.Ke4 Ke6 47.f4 g6 48.hxg6 hxg6 49.Rxg6+ Rxg6 50.f5+ Kf7
51.fxg6+ Kxg6 52.Kd5 Kf7 53.c6 Rg8 54.c7 Rc8 55.Kc6 Ke6 56.Kb7 Kd7 57.e6+  1-0

[Event "ch-CRO"]
[Site "Marija Bistrica CRO"]
[Date "2011.01.21"]
[Round "5.5"]
[White "Jankovic,A"]
[Black "Dizdar,G"]
[Result "1-0"]
[WhiteElo "2564"]
[BlackElo "2544"]

1.d4 Nf6 2.c4 e6 3.Nf3 d5 4.Nc3 Be7 5.Bf4 O-O 6.e3 b6 7.Bd3 c5 8.O-O Bb7
9.Qe2 Nbd7 10.Rfd1 Ne4 11.Bxe4 dxe4 12.Ne5 Nxe5 13.Bxe5 Qc8 14.d5 exd5 15.Nxd5 Bd8
16.Qh5 Re8 17.Bc3 Qe6 18.Nf4 Qc6 19.Rd5 Bf6 20.Rad1 Rad8 21.Rxd8 Bxd8 22.Bxg7 Bc7
23.Bc3 Bxf4 24.Qg4+ Qg6 25.Qxf4 Bc8 26.Rd5 h6 27.Qh4 Kh7 28.h3 Rg8 29.g4 Be6
30.Rh5 f6 31.Kh2 Rf8 32.b3 Rf7 33.Qg3 Rg7 34.Qf4 Rf7 35.Qd6 Bc8 36.Kg3 f5
37.Qe5 Rf8 38.g5 Kg8 39.Kh2 Re8  1-0

[Event "Gibraltar Masters"]
[Site "Caleta ENG"]
[Date "2011.01.26"]
[Round "2.26"]
[White "Harikrishna,P"]
[Black "Vaibhav,S"]
[Result "1-0"]
[WhiteElo "2667"]
[BlackElo "2421"]

1.d4 Nf6 2.c4 e6 3.Nf3 d5 4.Nc3 Be7 5.Bf4 O-O 6.e3 Nbd7 7.Bd3 dxc4 8.Bxc4 a6
9.a4 c5 10.O-O cxd4 11.Qxd4 b6 12.Rfd1 Bb7 13.Ng5 Nc5 14.b4 Qxd4 15.Rxd4 h6
16.Nxf7 Kxf7 17.bxc5 Bxc5 18.Rdd1 Rfd8 19.Ne2 Bd5 20.Bxd5 Rxd5 21.Rxd5 Nxd5
22.Be5 Rc8 23.Kf1 Be7 24.Bd4 Bf6 25.Bxf6 gxf6 26.e4 Nb4 27.f3 Rc4 28.h4 Nc2
29.Ra2 Nd4 30.Nxd4 Rxd4 31.Rb2 Rxa4 32.Rxb6 h5 33.Kf2 Ra2+ 34.Kg3 a5 35.Kh3 a4
36.Rb5 e5 37.g4 hxg4+ 38.Kxg4 Rg2+ 39.Kf5 Rf2 40.Rb7+ Kf8 41.h5 Rxf3+ 42.Kg6 a3
43.Ra7 Rg3+ 44.Kxf6 Kg8 45.Kxe5 Rh3 46.Kf6 Rf3+ 47.Ke6 Rh3 48.e5 Rxh5 49.Rxa3 Kf8
50.Kd6 Rh1 51.Ra8+ Kg7 52.e6 Rd1+ 53.Ke7 Re1 54.Ra7 Kg6 55.Ra2 Rb1 56.Rg2+ Kh6
57.Kf7 Rf1+ 58.Ke8 Ra1 59.e7 Rd1 60.Kf8 Rf1+ 61.Kg8 Re1 62.Rg7  1-0